00846nam a22002297a 450000500170000001000130001702000090003003500130003903700160005204000120006808200240008010000440010424500690014824600360021726000910025327000930034430000510043765000430048865000460053165000210057765000180059820170124103024.0 aA-107961 c3.00 aA-107961 bCen Lib/Ret aDPLbHN aउ bयादव  aयादव, राजेंद्र  aअनपे पार /cराजेंद्र यादव  aApne paar /bby Rajendra Yadav  a दिल्ली bनेशनल पब्लिशिंग हाउस c1968 a2/35, अनासरी रोड, दरयागंज b दिल्ली e110002 a116पृ.c16सेमी(सजिल्द) aहिंदी साहित्य  aहिंदी कहानियां  aHindi literature aHindi stories